Statistics for 10 US States with Lowest Percent in Prison

Click here to take the quiz!

General Stats

  • This quiz has been taken 70 times
  • The average score is 7 of 10

Answer Stats

ratestate% Correct
350Maine
90%
410Vermont
90%
460New Hampshire
87%
400Rhode Island
82%
510Hawaii
73%
380Minnesota
69%
530Iowa
66%
400Massachusetts
65%
530New York
61%
470North Dakota
56%

Score Distribution

Percentile by Number Answered

Percent of People with Each Score

Your Score History

You have not taken this quiz